| 000 | 00677nam a2200217 4500 | ||
|---|---|---|---|
| 003 | OSt | ||
| 005 | 20260530113853.0 | ||
| 008 | 260506b |||||||| |||| 00| 0 spa d | ||
| 020 | _a9789703254309 | ||
| 040 |
_aICI _bspa _cICI |
||
| 050 |
_aNA759.A683 _bC78 |
||
| 100 | 1 |
_aGonzález Franco, Lourdes Cruz _931418 |
|
| 245 | 1 | 0 |
_aAugusto H Alvarez: _bArquitecto de la modernidad _cLourdes Cruz González Franco |
| 264 | 1 |
_bUNAM Fac, de Arquitectura _c2008 _aMéxico |
|
| 300 | _a230 páginas | ||
| 336 |
_atexto _2rdacontent |
||
| 337 |
_asin medio _2rdamedia |
||
| 338 |
_avolumen _2rdacarrier |
||
| 650 |
_aArquitectura moderna _ySiglo XX _zMéxico _931419 |
||
| 942 |
_2ddc _cBK _n1 |
||
| 999 |
_c11518 _d11518 |
||